000 00693nam a2200229 a 4500
001 BRCA_7491
005 20190320205846.0
008 260413s1930----u--a######---#000-0#eng-#
041 _aeng
044 _au
050 4 _aND140
_b.B47 1930
100 1 _aBerenson, Bernhard
_918445
245 1 0 _aStudies in Medieval painting
_cby Bernhard Berenson.
260 _aNew Haven, Connecticut
_bYale University
_c1930
300 _axxii, 148 p.
_bil., 168 láminas
_c29 cm.
500 _aIncluye lista de ilustraciones, índice onomástico e índice de láminas
500 _aEstado físico: camisa rota
500 _aR21
650 1 4 _aPintura medieval
_911875
902 _aGFM
942 _2lcc
_cB
999 _c7166
_d7166